00389nam a2200157Ia 450000500170000000800410001702000150005805000220007310000180009524500290011326000350014230000330017744000060021052100070021652600080022320140402152143.0140130s9999 xx 000 0 und d a0590463802 aPZ 7 b.H513 1992 aHenkes, Kevin cKevin Henkes.aJessica / bScholastic,c1992.aNew York : a25 p. :bcol. ill. ;c19 cm. v1 aG3 c590